TDITIVRTTAM (Record no. 1183937)

MARC details
000 -LEADER
fixed length control field 00331nam a2200157Ia 4500
008 - FIXED-LENGTH DATA ELEMENTS--GENERAL INFORMATION
fixed length control field 240830s1940 xx 000 0 und d
041 ## - LANGUAGE CODE
Language code of text/sound track or separate title hin
082 ## - DEWEY DECIMAL CLASSIFICATION NUMBER
Classification number 1
100 ## - MAIN ENTRY--PERSONAL NAME
Personal name DATAR V
245 ## - TITLE STATEMENT
Title TDITIVRTTAM
250 ## - EDITION STATEMENT
Edition statement 1
260 ## - PUBLICATION, DISTRIBUTION, ETC.
Place of publication, distribution, etc. SANGAI
Name of publisher, distributor, etc. N.D.
Date of publication, distribution, etc. 1940
300 ## - PHYSICAL DESCRIPTION
Extent 100p
906 ## - LOCAL DATA ELEMENT F, LDF (RLIN)
a TDITIVRTTAM

No items available.